[Event "17th "]
[Site "Senta"]
[Date "2013.07.16"]
[Round "5.12"]
[White "Sakic, Simeon"]
[Black "Bernath, Robert"]
[Result "0-1"]
[WhiteElo "1879"]
[BlackElo "2135"]
[PlyCount "102"]
[EventDate "2013.07.13"]

1. e4 c5 2. Nf3 Nc6 3. d4 cxd4 4. Nxd4 Nf6 5. Nc3 e5 6. Ndb5 d6 7. Nd5 Nxd5 8.
exd5 Nb8 9. Qf3 a6 10. Nc3 Be7 11. Qg3 O-O 12. Bh6 Bf6 13. Bd3 Kh8 14. Bd2 Bh4
15. Qe3 f5 16. O-O-O Nd7 17. g3 Be7 18. Rhe1 b5 19. f4 e4 20. Nxe4 Nb6 21. Nc3
Bf6 22. a3 Bxc3 23. Bxc3 Nxd5 24. Qd4 Nxc3 25. Qxc3 Bd7 26. Bf1 Rc8 27. Qd2 Qc7
28. c3 Rf6 29. Bg2 b4 30. Re7 bxa3 31. bxa3 Re6 32. Re1 Rxe1+ 33. Qxe1 Qa5 34.
Kb2 Rb8+ 35. Ka2 Qb5 36. Qc1 Qb3+ 37. Ka1 Be6 38. Rxe6 Qxe6 39. Qc2 Qb3 40. Qc1
Rc8 41. Qb2 Qxc3 42. Bd5 g6 43. Ka2 Qxb2+ 44. Kxb2 Kg7 45. Bf3 Rc5 46. Bd1 Kf6
47. Bb3 d5 48. Ba4 d4 49. Bc2 Rc3 50. Bb1 Re3 51. Bc2 Re2 0-1

[Event "17th "]
[Site "Senta"]
[Date "2013.07.16"]
[Round "5.13"]
[White "Ridjicki, Nenad"]
[Black "Sedlak, Ivan"]
[Result "0-1"]
[WhiteElo "1835"]
[BlackElo "2124"]
[PlyCount "86"]
[EventDate "2013.07.13"]

1. e4 e6 2. c4 c5 3. Nc3 Nc6 4. Nf3 d6 5. d4 cxd4 6. Nxd4 Nf6 7. Bg5 Be7 8.
Nxc6 bxc6 9. e5 dxe5 10. Qxd8+ Bxd8 11. O-O-O O-O 12. g3 Ba6 13. b3 Ng4 14. Be3
Nxe3 15. fxe3 Bg5 16. Re1 Rad8 17. Ne4 Be7 18. h4 Bb4 19. Re2 f5 20. Ng5 Rd6
21. Nf3 e4 22. Nd4 e5 23. Nxf5 Rxf5 24. Bg2 Rdf6 25. Bxe4 Rf2 26. Rh2 Rxh2 27.
Rxh2 Rf1+ 28. Kb2 Be1 29. h5 c5 30. g4 Rf2+ 31. Rxf2 Bxf2 32. Bd5+ Kf8 33. a3
Bxe3 34. b4 Ke7 35. Kc2 Bc8 36. Bf3 h6 37. b5 Be6 38. Kd3 Bf2 39. a4 Be1 40.
Be2 Kf6 41. Ke4 Ba5 42. Kf3 Kg5 43. Kg3 e4 0-1

[Event "17th "]
[Site "Senta"]
[Date "2013.07.16"]
[Round "5.14"]
[White "Polhert, Zdenko"]
[Black "Sarnyai, Daniel"]
[Result "0-1"]
[WhiteElo "1982"]
[BlackElo "1801"]
[PlyCount "102"]
[EventDate "2013.07.13"]

1. d4 Nf6 2. c4 g6 3. Nc3 Bg7 4. e4 d6 5. Nf3 O-O 6. Be2 c5 7. d5 e6 8. O-O
exd5 9. exd5 Re8 10. Bd3 Bg4 11. h3 Bxf3 12. Qxf3 Nbd7 13. Qd1 a6 14. f4 Qc7
15. Bd2 Re7 16. Qf3 Rae8 17. Rab1 b6 18. Kh1 Rb8 19. a4 Ree8 20. g4 Nf8 21. Rf2
Rb7 22. Rg2 Qc8 23. Rbg1 Rbe7 24. h4 N6d7 25. Ne4 Qc7 26. b3 Bd4 27. Rf1 Nf6
28. Nxf6+ Bxf6 29. f5 Bxh4 30. f6 Re5 31. g5 h6 32. gxh6 Kh7 33. Rh2 Bg5 34.
Bc3 Re3 35. Qd1 Qd7 36. Kg2 a5 37. Bb2 Qd8 38. Rh5 Qd7 39. Rh2 Qc8 40. Bc1 R3e5
41. Bb2 Re3 42. Bc1 R3e5 43. Bb2 Re3 44. Bc3 Nd7 45. Qc2 Ne5 46. Bf5 gxf5 47.
Rxf5 Ng6 48. Kf1 Rxc3 49. Qxc3 Qxf5+ 50. Rf2 Qe5 51. Qf3 Qe1+ 0-1

[Event "17th "]
[Site "Senta"]
[Date "2013.07.16"]
[Round "5.16"]
[White "Zarkovic, Milos"]
[Black "Pavkov, Nebojsa"]
[Result "1-0"]
[WhiteElo "1719"]
[BlackElo "1954"]
[PlyCount "39"]
[EventDate "2013.07.13"]

1. d4 g6 2. c4 Bg7 3. Nc3 Nf6 4. e4 d6 5. Nf3 O-O 6. Be2 c5 7. O-O cxd4 8. Nxd4
Nc6 9. Be3 Ng4 10. Bxg4 Bxg4 11. Nxc6 Bxd1 12. Nxd8 Bc2 13. Rac1 Bd3 14. Rfd1
Bxc4 15. Nxb7 a5 16. b3 Bxb3 17. axb3 Rfb8 18. Nxa5 Rxa5 19. Nd5 e6 20. Ne7+
1-0

[Event "17th "]
[Site "Senta"]
[Date "2013.07.16"]
[Round "5.18"]
[White "Soklovacki, Marija"]
[Black "Grbin, Stefan"]
[Result "1/2-1/2"]
[WhiteElo "1886"]
[BlackElo "1554"]
[PlyCount "83"]
[EventDate "2013.07.13"]

1. d4 d5 2. c4 c6 3. Nc3 e6 4. e3 Nf6 5. Nf3 Nbd7 6. a3 Bd6 7. Be2 O-O 8. O-O
b6 9. b4 Bb7 10. c5 Bc7 11. Qc2 b5 12. Bd3 h6 13. Bb2 Qb8 14. Ne2 Re8 15. h3 a5
16. Rfe1 a4 17. Rad1 Re7 18. Nd2 Ba6 19. f4 Qf8 20. Nf3 Ne8 21. Ne5 Nxe5 22.
fxe5 f5 23. Nf4 Qf7 24. g4 Bc8 25. Rf1 g6 26. Rd2 Ng7 27. Rg2 Bd7 28. Qf2 g5
29. Ne2 Rf8 30. Qg3 Qe8 31. Bc1 Ref7 32. Rgf2 fxg4 33. hxg4 Rxf2 34. Rxf2 Rxf2
35. Qxf2 Qf7 36. Ng3 Qxf2+ 37. Kxf2 Bd8 38. e4 Be7 39. exd5 cxd5 40. Ne2 Ne8
41. Nc3 Nc7 42. Kg3 1/2-1/2

[Event "17th "]
[Site "Senta"]
[Date "2013.07.16"]
[Round "5.20"]
[White "Vilagos, Emil"]
[Black "Posa, Janos"]
[Result "1-0"]
[WhiteElo "1603"]
[BlackElo "1885"]
[PlyCount "65"]
[EventDate "2013.07.13"]

1. e4 c6 2. d4 d5 3. Nc3 dxe4 4. Nxe4 Nf6 5. Nxf6+ exf6 6. Bc4 Bd6 7. Nf3 O-O
8. O-O Qc7 9. h3 Nd7 10. Bb3 c5 11. Qe2 b6 12. Bd5 Bb7 13. Bxb7 Qxb7 14. Re1
Qb8 15. Bd2 cxd4 16. Nxd4 Qb7 17. Nf5 Be5 18. Rad1 Rfe8 19. Bf4 Re6 20. Qg4 g6
21. Nh6+ Kg7 22. Nf5+ Kh8 23. Bh6 Rg8 24. Nd4 f5 25. Qf3 Qc7 26. Nxe6 fxe6 27.
Bg5 Nf6 28. Bxf6+ Bxf6 29. Rxe6 Bxb2 30. Qc6 Qf4 31. c3 Ba3 32. Re8 Bc5 33.
Qf6# 1-0

[Event "17th "]
[Site "Senta"]
[Date "2013.07.16"]
[Round "5.21"]
[White "Mrzic, Branko"]
[Black "Milosevic, Milica"]
[Result "1-0"]
[WhiteElo "1875"]
[BlackElo "1592"]
[PlyCount "55"]
[EventDate "2013.07.13"]

1. d4 d5 2. f4 Nf6 3. Nf3 e6 4. g3 Bd6 5. Bg2 Nbd7 6. O-O O-O 7. Ne5 c5 8. e3
c4 9. c3 b5 10. Nd2 Bb7 11. Qc2 Qc7 12. e4 Rfe8 13. Nxd7 Nxd7 14. e5 Be7 15. f5
exf5 16. Qxf5 Rf8 17. Nf3 h6 18. Qh5 Bc8 19. g4 Nb6 20. g5 Kh7 21. Nh4 Be6 22.
Be3 Qd7 23. g6+ Kg8 24. gxf7+ Bxf7 25. Ng6 Bd8 26. Nxf8 Kxf8 27. Bh3 Qe8 28. e6
1-0

[Event "17th "]
[Site "Senta"]
[Date "2013.07.16"]
[Round "5.22"]
[White "Farkas, Istvan"]
[Black "Lorincz, Renata"]
[Result "0-1"]
[WhiteElo "1585"]
[BlackElo "1847"]
[PlyCount "96"]
[EventDate "2013.07.13"]

1. Nf3 d5 2. g3 c5 3. Bg2 Nc6 4. d3 e6 5. O-O Nf6 6. Nbd2 Be7 7. c4 O-O 8. h3
b6 9. e3 Qc7 10. a3 Bb7 11. Nh4 Rad8 12. f4 Na5 13. Qe2 dxc4 14. dxc4 Bxg2 15.
Nxg2 Qd7 16. Rd1 Qd3 17. Re1 Qxe2 18. Rxe2 Ne8 19. Ne1 Nc7 20. e4 Rd7 21. Kf2
Rfd8 22. Nef3 f6 23. b3 Kf7 24. e5 Na6 25. Rb1 Nc6 26. Bb2 Nc7 27. h4 a6 28. g4
fxe5 29. Bxe5 Bxh4+ 30. Nxh4 Nxe5 31. fxe5 Rxd2 32. Nf3 Rxe2+ 33. Kxe2 Kg6 34.
Ke3 b5 35. Rc1 Rc8 36. Kd3 Na8 37. Ke4 Nb6 38. Kf4 Rf8+ 39. Ke4 Rc8 40. Kf4 Rc7
41. Nd2 Rd7 42. Nf3 bxc4 43. bxc4 Rd3 44. Rh1 h6 45. Rh3 Rd1 46. Nh4+ Kf7 47.
Rc3 Rd4+ 48. Kg3 Rxc4 0-1

[Event "17th "]
[Site "Senta"]
[Date "2013.07.16"]
[Round "5.32"]
[White "Uveric, Nebojsa"]
[Black "Jovanovic, Stojan"]
[Result "1-0"]
[WhiteElo "1479"]
[BlackElo "1678"]
[PlyCount "53"]
[EventDate "2013.07.13"]

1. e4 e6 2. d4 d5 3. e5 c5 4. c3 Nc6 5. Nf3 Qb6 6. Be2 cxd4 7. cxd4 Bb4+ 8. Nc3
Nge7 9. O-O Nf5 10. a3 Be7 11. Na4 Qc7 12. Bf4 Bd7 13. Rc1 Qd8 14. Nc5 Bxc5 15.
dxc5 Nce7 16. Bg5 h6 17. Bf4 Ng6 18. Bd2 Nfh4 19. Nxh4 Nxh4 20. f4 O-O 21. Bd3
Nf5 22. Bb1 g6 23. g4 Ng7 24. Qf3 h5 25. h3 Qh4 26. g5 Nf5 27. Bxf5 1-0

[Event "17th "]
[Site "Senta"]
[Date "2013.07.17"]
[Round "6.3"]
[White "Dikic, Veljko"]
[Black "Scepanovic, Labud"]
[Result "0-1"]
[WhiteElo "1925"]
[BlackElo "2187"]
[PlyCount "86"]
[EventDate "2013.07.13"]

1. e4 g6 2. Nc3 Bg7 3. f4 c6 4. d4 d5 5. e5 Nh6 6. Nf3 O-O 7. Be2 Qb6 8. b3 Bf5
9. O-O f6 10. h3 Nf7 11. Be3 Na6 12. Na4 Qa5 13. Bd2 Qc7 14. c4 dxc4 15. Bxc4
b5 16. Be2 Rad8 17. Qe1 Qb7 18. Nb2 c5 19. g4 Be4 20. Bxb5 Bxf3 21. Bxa6 Qxa6
22. Rxf3 cxd4 23. e6 Nd6 24. f5 Qc6 25. Qe2 Kh8 26. Nd3 Rg8 27. fxg6 hxg6 28.
Nf4 Bh6 29. Qf2 Kg7 30. Rc1 Qb7 31. Rd3 Qa8 32. Rc7 Rge8 33. h4 Ne4 34. Qg2
Nxd2 35. Qxd2 Qe4 36. g5 fxg5 37. hxg5 Bxg5 38. Nh5+ Kh6 39. Ng3 Be3+ 40. Rxe3
Qxe3+ 41. Qxe3+ dxe3 42. Rxa7 Rd2 43. Kf1 Rc8 0-1

[Event "17th "]
[Site "Senta"]
[Date "2013.07.17"]
[Round "6.4"]
[White "Nesovanovic, Miroslav"]
[Black "Puhalo, Zdravko"]
[Result "1/2-1/2"]
[WhiteElo "1877"]
[BlackElo "2065"]
[PlyCount "155"]
[EventDate "2013.07.13"]

1. e4 d6 2. d4 Nf6 3. Nc3 Nc6 4. f3 e5 5. d5 Ne7 6. Bg5 Ng6 7. Qd2 Be7 8. Be3
O-O 9. g3 c6 10. O-O-O Bd7 11. Kb1 a5 12. h4 cxd5 13. Nxd5 Nxd5 14. exd5 f5 15.
h5 Nh8 16. f4 Nf7 17. Nf3 Bf6 18. Qf2 b5 19. Bc1 Rc8 20. Nh4 Qc7 21. Bh3 Bxh4
22. gxh4 e4 23. Be3 Nh6 24. Qe2 b4 25. Rc1 a4 26. Bd4 Rf7 27. Rhg1 Qb7 28. Rcd1
b3 29. c4 bxa2+ 30. Ka1 Qb3 31. Bf1 Rb8 32. Rc1 Be8 33. Rc3 Qb4 34. Kxa2 Rfb7
35. Rcg3 Ng4 36. Ra3 Bxh5 37. Bc3 Qc5 38. Rg3 Ra8 39. Qe1 Rb3 40. Be2 Rxa3+ 41.
bxa3 Rb8 42. Bb4 Qd4 43. Bc3 Qb6 44. Bb4 Re8 45. Bxg4 Bxg4 46. Qe3 Qc7 47. Qd4
Rc8 48. Rc3 Qe7 49. c5 dxc5 50. Bxc5 Qb7 51. d6 Bh5 52. Bb4 Bf7+ 53. Kb2 Be8
54. Qe5 Bd7 55. Rc7 Rxc7 56. dxc7 Qc6 57. Qd6 Qxd6 58. Bxd6 Kf7 59. Be5 Kg6 60.
Kc3 Kh5 61. Bxg7 Kxh4 62. Bh6 Kh5 63. Bf8 Kg6 64. Kd4 h5 65. Be7 Kf7 66. Bg5
Ke6 67. Bh4 Kd6 68. Bd8 Be6 69. Kc3 Kd5 70. Bf6 Bc8 71. Bd8 Ba6 72. Bg5 e3 73.
c8=Q Bxc8 74. Kd3 e2 75. Kxe2 Kc4 76. Kf3 Kb3 77. Be7 h4 78. Kg2 1/2-1/2

[Event "17th "]
[Site "Senta"]
[Date "2013.07.17"]
[Round "6.6"]
[White "Bernath, Robert"]
[Black "Petrovic, Milan M"]
[Result "0-1"]
[WhiteElo "2135"]
[BlackElo "1926"]
[PlyCount "62"]
[EventDate "2013.07.13"]

1. e4 c6 2. d4 d5 3. e5 Bf5 4. Nc3 e6 5. g4 Bg6 6. Nge2 f6 7. h4 fxe5 8. h5 Bf7
9. dxe5 Nd7 10. f4 h6 11. Be3 Qa5 12. Nd4 c5 13. Nb3 Qc7 14. Qf3 a6 15. Bf2 Ne7
16. O-O-O Nc6 17. Nxd5 exd5 18. e6 Bxe6 19. Re1 O-O-O 20. Rxe6 Bd6 21. Bg3 Nb6
22. Bh3 Kb8 23. Rhe1 c4 24. Nd2 Nd4 25. Qc3 Nxe6 26. Rxe6 Rhe8 27. Rg6 Bxf4 28.
Bf2 Re2 29. Qd4 Rxd2 30. Qxd2 Bxd2+ 31. Kxd2 Qh2 0-1

[Event "17th "]
[Site "Senta"]
[Date "2013.07.17"]
[Round "6.7"]
[White "Sedlak, Ivan"]
[Black "Janjic, Stefan"]
[Result "1/2-1/2"]
[WhiteElo "2124"]
[BlackElo "1892"]
[PlyCount "136"]
[EventDate "2013.07.13"]

1. e4 e6 2. d4 d5 3. Nc3 Nf6 4. Bg5 Be7 5. e5 Nfd7 6. Bxe7 Qxe7 7. f4 a6 8. Qd2
c5 9. Nf3 Nc6 10. dxc5 Nxc5 11. Bd3 f5 12. exf6 Qxf6 13. O-O-O O-O 14. g3 h6
15. h4 b5 16. Kb1 b4 17. Ne2 Na4 18. Ned4 Bd7 19. Qe3 Rab8 20. Ne5 Nxe5 21.
Qxe5 Qxe5 22. fxe5 Nc5 23. Rhf1 a5 24. Kc1 Rxf1 25. Rxf1 Be8 26. Kd2 Rb7 27.
Ke3 Rf7 28. Rxf7 Kxf7 29. Bb5 Bxb5 30. Nxb5 Ne4 31. g4 Ke7 32. Nd4 Kd7 33. h5
Nc5 34. b3 Ne4 35. Ne2 Ke7 36. Kf4 Kd7 37. Ke3 Ke7 38. Nc1 Kd7 39. Ne2 Ke7 40.
Kf4 Kd7 41. Ke3 Ke7 42. Kd4 Kd7 43. Nf4 Ke7 44. Nd3 Kf7 45. Nc5 Nf2 46. Nb7
Nxg4 47. Nxa5 g6 48. hxg6+ Kxg6 49. Nc6 h5 50. Nxb4 h4 51. Nd3 Kf5 52. Nc1 Kf4
53. Ne2+ Kf3 54. Kd3 Nxe5+ 55. Kd2 h3 56. Ng1+ Kg2 57. Nxh3 Kxh3 58. b4 Kg4 59.
Ke3 Kf5 60. a4 Nc6 61. b5 Na5 62. Kd4 Nb7 63. b6 Kf6 64. c4 dxc4 65. Kxc4 Ke7
66. Kb5 Kd7 67. a5 Nxa5 68. Kxa5 Kc8 1/2-1/2

[Event "17th "]
[Site "Senta"]
[Date "2013.07.17"]
[Round "6.8"]
[White "Nestorovic, Irena"]
[Black "Farkas, Sandor I"]
[Result "1-0"]
[WhiteElo "2039"]
[BlackElo "1862"]
[PlyCount "103"]
[EventDate "2013.07.13"]

1. d4 Nf6 2. c4 g6 3. Nc3 Bg7 4. e4 d6 5. Be2 O-O 6. Nf3 Na6 7. O-O e5 8. d5
Nc5 9. Qc2 a5 10. Ne1 Ne8 11. Be3 f5 12. f3 f4 13. Bxc5 dxc5 14. Nd3 b6 15. a3
Nd6 16. Nb5 Bd7 17. Nxd6 cxd6 18. b4 g5 19. bxc5 bxc5 20. Rab1 h5 21. h3 Bf6
22. Nf2 g4 23. fxg4 hxg4 24. Bxg4 Bh4 25. Qe2 Qg5 26. Qf3 Rf7 27. Rb6 Bxf2+ 28.
Rxf2 Bxg4 29. Qxg4 Qxg4 30. hxg4 Rf6 31. Rfb2 Rg6 32. Kf2 Rxg4 33. Rxd6 Rg3 34.
Rc6 Rxa3 35. Rxc5 Re3 36. d6 Rd8 37. Rd2 a4 38. Rxe5 a3 39. Ra5 Rxe4 40. c5 Rc4
41. Re2 Rc3 42. Re7 a2 43. Rc7 Rc2+ 44. Kf3 Kf8 45. d7 Ke7 46. c6 Rc3+ 47. Ke4
Rb8 48. Rxa2 Rb4+ 49. Kd5 Rd3+ 50. Kc5 Rdd4 51. Re2+ Kf7 52. d8=Q+ 1-0

[Event "17th "]
[Site "Senta"]
[Date "2013.07.17"]
[Round "6.9"]
[White "Ruzicic, Sinisa"]
[Black "Zarkovic, Milos"]
[Result "0-1"]
[WhiteElo "1978"]
[BlackElo "1719"]
[PlyCount "98"]
[EventDate "2013.07.13"]

1. e4 c5 2. Nf3 e6 3. d4 cxd4 4. Nxd4 Nf6 5. Nc3 d6 6. Bg5 Be7 7. Ndb5 a6 8.
Bxf6 gxf6 9. Nd4 b5 10. g3 Bb7 11. Bg2 O-O 12. O-O Kh8 13. Qh5 Qc7 14. Rad1 Nc6
15. a3 Nxd4 16. Rxd4 Rad8 17. Rd3 Qc5 18. Qe2 a5 19. Rfd1 b4 20. axb4 axb4 21.
Na4 Qa5 22. b3 Ba6 23. Nb2 Bxd3 24. Qxd3 Qc5 25. Nc4 Rd7 26. Ra1 Rb8 27. Ra5
Rb5 28. Ra8+ Kg7 29. e5 fxe5 30. Qf3 Qd4 31. Qc6 Qd1+ 32. Bf1 Rbb7 33. Ne3 Qd4
34. Qf3 Ra7 35. Rb8 Rd8 36. Rxd8 Bxd8 37. Bd3 d5 38. Qh5 e4 39. Be2 Qf6 40. Ng4
Qg6 41. Qe5+ Bf6 42. Qb8 Ra1+ 43. Kg2 Re1 44. Bb5 Qxg4 45. Be8 Qf3+ 46. Kh3
Qf5+ 47. Kg2 Re2 48. Qb6 Qf3+ 49. Kh3 Qxf2 0-1

[Event "17th "]
[Site "Senta"]
[Date "2013.07.17"]
[Round "6.10"]
[White "Tomin, Kristifor"]
[Black "Milanovic, Maja"]
[Result "0-1"]
[WhiteElo "1960"]
[BlackElo "1969"]
[PlyCount "104"]
[EventDate "2013.07.13"]

1. Nf3 Nf6 2. d4 c5 3. e3 e6 4. c3 d5 5. Nbd2 Nc6 6. Bb5 Bd7 7. Ba4 Qc7 8. O-O
Bd6 9. Bc2 Rc8 10. h3 cxd4 11. exd4 O-O 12. Re1 Rfe8 13. Nf1 h6 14. a3 b5 15.
b4 a5 16. Bd3 Qb8 17. Bd2 e5 18. dxe5 Nxe5 19. Nxe5 Bxe5 20. Rc1 axb4 21. axb4
Qd6 22. Qb3 Bf4 23. Red1 Qe5 24. Re1 Qg5 25. Bxf4 Qxf4 26. Ng3 Qd2 27. Red1 Qg5
28. Ra1 h5 29. Qc2 g6 30. Kh1 d4 31. c4 bxc4 32. Bxc4 h4 33. Nf1 Bc6 34. f3 Qf4
35. Qb3 Nh5 36. Ra7 Rc7 37. Rxc7 Qxc7 38. b5 Bb7 39. b6 Qf4 40. Bd5 Bxd5 41.
Qxd5 Ng3+ 42. Nxg3 hxg3 43. Qb5 Qe3 44. Qf1 Qb3 45. Rb1 Qc2 46. b7 Rb8 47. Rc1
Qf2 48. Qb5 Qe3 49. Qb1 Rxb7 50. Rc8+ Kg7 51. Qd1 Re7 52. Rc1 d3 0-1

[Event "17th "]
[Site "Senta"]
[Date "2013.07.17"]
[Round "6.12"]
[White "Petrovic, Tamara"]
[Black "Pajzer, Istvan"]
[Result "0-1"]
[WhiteElo "1679"]
[BlackElo "2132"]
[PlyCount "88"]
[EventDate "2013.07.13"]

1. Nf3 Nf6 2. d4 g6 3. c4 Bg7 4. Nc3 d5 5. e3 O-O 6. Be2 c5 7. O-O cxd4 8. Nxd4
dxc4 9. Bxc4 Nbd7 10. Bd2 a6 11. Rc1 b5 12. Bb3 Bb7 13. Nce2 e5 14. Nc6 Bxc6
15. Rxc6 e4 16. Bb4 Ne5 17. Rd6 Qc7 18. Nf4 Rfd8 19. Nd5 Nxd5 20. Bxd5 Rac8 21.
Bxe4 Nc4 22. Rxd8+ Rxd8 23. Qb3 Bxb2 24. Bd3 Be5 25. h3 Bh2+ 26. Kh1 Bd6 27.
Bc3 Rc8 28. a4 bxa4 29. Qxa4 Nb6 30. Qd4 Qxc3 31. Qxd6 a5 32. Bxg6 hxg6 33.
Qxb6 a4 34. Qd4 Qb3 35. Ra1 a3 36. Qd1 Qb2 37. Qd4 Rc1+ 38. Rxc1 Qxc1+ 39. Kh2
Qb2 40. Qd8+ Kg7 41. e4 a2 42. f4 Qf6 43. Qd2 a1=Q 44. e5 Qb6 0-1

[Event "17th "]
[Site "Senta"]
[Date "2013.07.17"]
[Round "6.14"]
[White "Knezevic, Velimir"]
[Black "Rajsli, Andor"]
[Result "1-0"]
[WhiteElo "1940"]
[BlackElo "1635"]
[PlyCount "61"]
[EventDate "2013.07.13"]

1. e4 d6 2. d4 Nf6 3. Bd3 g6 4. h3 Bg7 5. Be3 c6 6. c4 Nbd7 7. Nd2 c5 8. d5 O-O
9. Rb1 b6 10. f4 e6 11. Ngf3 Qe7 12. O-O exd5 13. Bf2 d4 14. Bh4 Qe8 15. Re1
Bb7 16. b4 Qc8 17. g4 Kh8 18. Bg3 Re8 19. g5 Nh5 20. Bh2 h6 21. f5 Ne5 22. Nxe5
dxe5 23. Qg4 hxg5 24. Qxg5 Kh7 25. Nf3 Bf6 26. Qg4 Rg8 27. Kf2 gxf5 28. Qxh5+
Kg7 29. Rg1+ Kf8 30. Rxg8+ Kxg8 31. Qh6 1-0

[Event "17th "]
[Site "Senta"]
[Date "2013.07.17"]
[Round "6.18"]
[White "Soklovacki, Mila"]
[Black "Mrzic, Branko"]
[Result "1/2-1/2"]
[WhiteElo "1585"]
[BlackElo "1875"]
[PlyCount "54"]
[EventDate "2013.07.13"]

1. e4 c5 2. Nf3 Nc6 3. Bb5 Qc7 4. O-O a6 5. Bxc6 dxc6 6. h3 e5 7. d3 h6 8. Nc3
Nf6 9. Be3 Be6 10. Nd2 g5 11. f3 Nh5 12. Ne2 O-O-O 13. Qe1 Be7 14. Ng3 Ng7 15.
Qf2 b6 16. b4 Qa7 17. bxc5 Bxc5 18. Bxc5 bxc5 19. Nb3 Bxb3 20. axb3 Ne6 21. Ra5
Qb6 22. Rfa1 Kb7 23. Nf5 Nd4 24. Ne3 Qb4 25. Rxa6 Ra8 26. Rxa8 Rxa8 27. Rxa8
Kxa8 1/2-1/2

[Event "17th "]
[Site "Senta"]
[Date "2013.07.17"]
[Round "6.19"]
[White "Lorincz, Renata"]
[Black "Vilagos, Emil"]
[Result "1/2-1/2"]
[WhiteElo "1847"]
[BlackElo "1603"]
[PlyCount "47"]
[EventDate "2013.07.13"]

1. d4 Nf6 2. c4 c5 3. dxc5 Na6 4. Nc3 Nxc5 5. Nf3 g6 6. e3 Bg7 7. Be2 O-O 8.
O-O a6 9. Nd4 d5 10. b4 Nce4 11. Nxe4 Nxe4 12. Bb2 dxc4 13. Bxc4 Qb6 14. Qe1
Nd6 15. Bd3 Bd7 16. Rb1 a5 17. a3 axb4 18. Qxb4 Qxb4 19. axb4 Ra4 20. Nc2 Bf5
21. Bxf5 Nxf5 22. Bxg7 Kxg7 23. Ra1 Rfa8 24. Rxa4 1/2-1/2

[Event "17th "]
[Site "Senta"]
[Date "2013.07.17"]
[Round "6.21"]
[White "Olajos, Gyozo"]
[Black "Toth, Kazmer"]
[Result "0-1"]
[WhiteElo "1690"]
[BlackElo "1995"]
[PlyCount "106"]
[EventDate "2013.07.13"]

1. d4 d6 2. Nf3 g6 3. Bf4 Nf6 4. e3 Bg7 5. Bc4 c6 6. Nc3 a5 7. a3 b5 8. Ba2 Bb7
9. Qe2 O-O 10. h3 d5 11. Ne5 e6 12. f3 Qe7 13. Qf2 Nfd7 14. Qg3 Nxe5 15. Bxe5
Bxe5 16. Qxe5 Ba6 17. h4 a4 18. Ne2 Nd7 19. Qg3 b4 20. Bb1 Bxe2 21. Kxe2 e5 22.
c3 b3 23. Kf2 c5 24. Bd3 cxd4 25. cxd4 exd4 26. e4 Nc5 27. Rad1 Rac8 28. Rhe1
Nxd3+ 29. Rxd3 Rc2+ 30. Kf1 Rxb2 31. exd5 Qxa3 32. h5 Qa2 33. Rxd4 Rc2 34. Rg4
Qb2 35. Rxa4 Qc3 36. Rg4 Qd3+ 37. Kg1 b2 38. Qe5 Qd2 39. Kh2 Qxe1 40. Qxe1 Rc1
41. Qe5 b1=Q 42. hxg6 Rh1+ 43. Kg3 Qe1+ 44. Qxe1 Rxe1 45. gxh7+ Kxh7 46. Rh4+
Kg6 47. Kf4 Rd8 48. Rg4+ Kf6 49. Rg5 Ke7 50. Re5+ Rxe5 51. Kxe5 f6+ 52. Ke4 Rg8
53. g4 Rg5 0-1

[Event "17th "]
[Site "Senta"]
[Date "2013.07.17"]
[Round "6.22"]
[White "Barta, Aron"]
[Black "Polhert, Zdenko"]
[Result "0-1"]
[WhiteElo "1610"]
[BlackElo "1982"]
[PlyCount "40"]
[EventDate "2013.07.13"]

1. e4 e5 2. Nf3 d6 3. Nc3 c5 4. d3 Be7 5. Be2 Nf6 6. O-O Bd7 7. Be3 Nc6 8. a3
O-O 9. h3 Nd4 10. Qd2 Bc6 11. Rfe1 Ne8 12. Qd1 f5 13. Bd2 h6 14. Rb1 a5 15. Nh2
b5 16. Bf3 b4 17. Ne2 Nxf3+ 18. Nxf3 fxe4 19. dxe4 Bxe4 20. Nh2 b3 0-1

[Event "17th "]
[Site "Senta"]
[Date "2013.07.17"]
[Round "6.24"]
[White "Bicskei, Mihaly"]
[Black "Arnovljev, Ivan"]
[Result "1-0"]
[WhiteElo "1894"]
[BlackElo "1566"]
[PlyCount "91"]
[EventDate "2013.07.13"]

1. e4 Nc6 2. d4 e6 3. Nc3 Bb4 4. Nf3 h6 5. a3 Bxc3+ 6. bxc3 Nf6 7. Bd3 O-O 8.
O-O b6 9. Qe2 Re8 10. Bd2 Bb7 11. h3 d6 12. Nh2 Qd7 13. Ng4 Nxg4 14. Qxg4 Kh8
15. f4 Ne7 16. f5 exf5 17. exf5 Ng8 18. Qh4 f6 19. Qg4 Bd5 20. c4 Bb7 21. Rae1
Rxe1 22. Rxe1 Re8 23. Re6 Bc8 24. d5 Qd8 25. Qh5 Re7 26. Qe2 Bxe6 27. fxe6 Qe8
28. h4 c5 29. Bf4 Qd8 30. h5 Rc7 31. Qe4 g5 32. hxg6 Rg7 33. Qe3 Ne7 34. Bxh6
Nxg6 35. Bxg7+ Kxg7 36. Qg3 Qe8 37. Kf2 Kh6 38. Qxg6+ Qxg6 39. Bxg6 Kxg6 40.
Kf3 Kg7 41. Kf4 Kf8 42. Kf5 Ke7 43. g3 a6 44. a4 b5 45. cxb5 axb5 46. axb5 1-0

[Event "17th "]
[Site "Senta"]
[Date "2013.07.17"]
[Round "6.25"]
[White "Uveric, Nebojsa"]
[Black "Sakic, Simeon"]
[Result "0-1"]
[WhiteElo "1479"]
[BlackElo "1879"]
[PlyCount "86"]
[EventDate "2013.07.13"]

1. e4 e5 2. Nf3 Nc6 3. d3 Bc5 4. Be2 d6 5. O-O f5 6. Nc3 Nf6 7. h3 O-O 8. Kh1
a6 9. Nh2 Qe8 10. f4 fxe4 11. dxe4 exf4 12. Rxf4 Ne5 13. Bd2 Ng6 14. Rf1 Nxe4
15. Nxe4 Qxe4 16. Rxf8+ Nxf8 17. Bd3 Qc6 18. Qh5 Be6 19. Rf1 g6 20. Qh6 Bd4 21.
Qh4 Bg7 22. Ng4 Bxg4 23. Qxg4 Re8 24. Qf4 Qd7 25. Bc4+ d5 26. Bd3 Ne6 27. Qh4
Nc5 28. Qg3 Nxd3 29. Qxd3 Qb5 30. Qxb5 axb5 31. Rf3 c6 32. b3 Ra8 33. a4 bxa4
34. bxa4 Rxa4 35. Rb3 b5 36. Re3 Bh6 37. Re8+ Kf7 38. Re2 Bxd2 39. Rxd2 Ra2 40.
Kg1 b4 41. Rd4 c5 42. Rxd5 Rxc2 43. Rd7+ Kf6 0-1

[Event "17th "]
[Site "Senta"]
[Date "2013.07.17"]
[Round "6.33"]
[White "Radisic, Dragoljub"]
[Black "Farkas, Istvan"]
[Result "0-1"]
[WhiteElo "1409"]
[BlackElo "1585"]
[PlyCount "44"]
[EventDate "2013.07.13"]

1. d4 Nf6 2. c4 g6 3. Nc3 Bg7 4. e3 O-O 5. h3 d6 6. Bd3 Nbd7 7. Nge2 e5 8. Ng3
h6 9. O-O Nh7 10. b3 exd4 11. Nce2 dxe3 12. Rb1 exf2+ 13. Rxf2 Ne5 14. Be4 Ng5
15. Bxg5 Qxg5 16. Kh2 Qe7 17. Nf4 c6 18. Nd3 f5 19. Nxe5 Bxe5 20. Re2 fxe4 21.
Rxe4 Bxg3+ 22. Kxg3 Qxe4 0-1

[Event "17th "]
[Site "Senta"]
[Date "2013.07.18"]
[Round "7.1"]
[White "Scepanovic, Labud"]
[Black "Petrovic, Milan M"]
[Result "1-0"]
[WhiteElo "2187"]
[BlackElo "1926"]
[PlyCount "97"]
[EventDate "2013.07.13"]

1. g3 e5 2. Bg2 Nc6 3. d3 f5 4. Nf3 Nf6 5. O-O Be7 6. c4 O-O 7. Nc3 d6 8. Bg5
Qe8 9. Nd5 Bd8 10. Bxf6 gxf6 11. e3 Kh8 12. Nh4 Ne7 13. Qf3 Ng6 14. Nxf5 c6 15.
Nc3 Bc7 16. e4 Be6 17. Rfd1 Qd7 18. Kh1 Ne7 19. Bh3 Rg8 20. Nxe7 Qxe7 21. Bf5
Rg5 22. h4 Rg7 23. Bxe6 Qxe6 24. Qf5 Qf7 25. Rac1 Rag8 26. Ne2 Rg6 27. d4 exd4
28. Rxd4 Re8 29. Rcd1 Re5 30. Qf3 Qe7 31. b4 f5 32. Nf4 Rf6 33. exf5 Rfxf5 34.
Kg2 Qf6 35. Re4 d5 36. cxd5 cxd5 37. Rxe5 Bxe5 38. Rxd5 Rxf4 39. gxf4 Bxf4 40.
Qh5 Qe7 41. Qf5 Bd6 42. Qc8+ Kg7 43. Rg5+ Kh6 44. Qg4 Qe8 45. b5 a6 46. a4 axb5
47. axb5 b6 48. Rd5 Be7 49. Rd6+ 1-0

[Event "17th "]
[Site "Senta"]
[Date "2013.07.18"]
[Round "7.2"]
[White "Zivkovic, Momcilo"]
[Black "Davidovic, Zoran"]
[Result "1-0"]
[WhiteElo "2138"]
[BlackElo "1904"]
[PlyCount "73"]
[EventDate "2013.07.13"]

1. e4 e6 2. d4 d5 3. Nd2 Ne7 4. Bd3 Ng6 5. Ndf3 Be7 6. Ne2 O-O 7. e5 c5 8. c3
Nc6 9. O-O Bd7 10. a3 f5 11. exf6 gxf6 12. Nf4 f5 13. Qe2 Nxf4 14. Bxf4 c4 15.
Bc2 Bf6 16. Rae1 b5 17. Ne5 Nxe5 18. Bxe5 Qe8 19. g4 Bxe5 20. Qxe5 Qf7 21. gxf5
exf5 22. Kh1 h6 23. Qd6 Rae8 24. Qxh6 Rxe1 25. Rxe1 Qf6 26. Qxf6 Rxf6 27. Re7
Rf7 28. Rxf7 Kxf7 29. Kg2 Kf6 30. h4 Be8 31. Kg3 Bg6 32. Kf4 a5 33. Bb1 Bh7 34.
h5 Bg8 35. Bxf5 Bf7 36. h6 Be8 37. h7 1-0